Таблицы умножения

Podrobná bibliografie
Hlavní autor: О'Рурк
Jazyk:ruština
Vydáno: Москва, ГОССТАТИЗДАТ, 1953
Vydání:Стереотипное издание
Témata:
Médium: MixedMaterials Kniha
KOHA link:https://koha.lib.tpu.ru/cgi-bin/koha/opac-detail.pl?biblionumber=251512

MARC

LEADER 00000nam0a2200000 4500
001 251512
005 20231101232650.0
035 |a (RuTPU)RU\TPU\book\273813 
090 |a 251512 
100 |a 20140221d1953 km y0rusy50 ca 
101 0 |a rus 
102 |a RU 
105 |a a go 001zy 
200 1 |a Таблицы умножения  |f О'Рурк 
205 |a Стереотипное издание 
210 |a Москва  |c ГОССТАТИЗДАТ  |d 1953 
215 |a 336 с.  |c ил. 
606 1 |a Счет и число  |2 stltpush  |3 (RuTPU)RU\TPU\subj\58389  |9 76181 
610 1 |a таблицы 
610 1 |a множители 
610 1 |a алгебра 
610 1 |a вычисления 
610 1 |a математика 
610 1 |a справочники 
675 |a 511(083)  |v 3 
700 0 |a О'Рурк 
801 1 |a RU  |b 63413507  |c 20140221 
801 2 |a RU  |b 63413507  |c 20150112  |g RCR 
942 |c BK